Statistics for Slagalica za bojanje zastava #1

Click here to take the quiz!

General Stats

  • This quiz has been taken 57 times
  • The average score is 3 of 6

Answers on the Map

Answers color-coded by a green-red scale on the quiz's map according to % correct below.
 

Answer Stats

Answer% Correct
bijela
74%
crvena
56%
zelena
44%
crno
35%
žutilo
26%
plava
24%

Score Distribution

Percentile by Number Answered

Percent of People with Each Score

Your Score History

You have not taken this quiz